<?xml version="1.0" encoding="UTF-8"?>
<record
    xmlns:xsi="http://www.w3.org/2001/XMLSchema-instance"
    xsi:schemaLocation="http://www.loc.gov/MARC21/slim http://www.loc.gov/standards/marcxml/schema/MARC21slim.xsd"
    xmlns="http://www.loc.gov/MARC21/slim">

  <leader>00648nam a22002057a 4500</leader>
  <datafield tag="999" ind1=" " ind2=" ">
    <subfield code="c">63969</subfield>
    <subfield code="d">63969</subfield>
  </datafield>
  <controlfield tag="003">Ge_BSU</controlfield>
  <controlfield tag="005">20260227154321.0</controlfield>
  <controlfield tag="008">260227s1989    enk||||| |||| 00| 0 eng d</controlfield>
  <datafield tag="020" ind1=" " ind2=" ">
    <subfield code="a">9780804717977x</subfield>
  </datafield>
  <datafield tag="041" ind1=" " ind2=" ">
    <subfield code="a">eng</subfield>
  </datafield>
  <datafield tag="080" ind1=" " ind2=" ">
    <subfield code="a">316.334.56(520-25) B-52</subfield>
  </datafield>
  <datafield tag="100" ind1=" " ind2=" ">
    <subfield code="a">Bestor, Theodore C.</subfield>
    <subfield code="9">27019</subfield>
  </datafield>
  <datafield tag="245" ind1=" " ind2=" ">
    <subfield code="a">Neighborhood Tokyo /</subfield>
    <subfield code="c">Theodore C. Bestor.</subfield>
  </datafield>
  <datafield tag="264" ind1=" " ind2=" ">
    <subfield code="a">Stanford : </subfield>
    <subfield code="b">Stanford Univ. press, </subfield>
    <subfield code="c">1989.</subfield>
  </datafield>
  <datafield tag="300" ind1=" " ind2=" ">
    <subfield code="a">347 p. ;</subfield>
    <subfield code="b">22 cm.</subfield>
  </datafield>
  <datafield tag="504" ind1=" " ind2=" ">
    <subfield code="a">Bibliogr.: p. 321-333.</subfield>
  </datafield>
  <datafield tag="653" ind1=" " ind2=" ">
    <subfield code="a">&#x10D8;&#x10D0;&#x10DE;&#x10DD;&#x10DC;&#x10D8;&#x10D8;&#x10E1; &#x10E5;&#x10D0;&#x10DA;&#x10D0;&#x10E5;&#x10D4;&#x10D1;&#x10D8;&#x10E1; &#x10E1;&#x10DD;&#x10EA;&#x10D8;&#x10DD;&#x10DA;&#x10DD;&#x10D2;&#x10D8;&#x10D0;</subfield>
  </datafield>
  <datafield tag="653" ind1=" " ind2=" ">
    <subfield code="a">&#x10E2;&#x10DD;&#x10D9;&#x10D8;&#x10DD;</subfield>
  </datafield>
  <datafield tag="942" ind1=" " ind2=" ">
    <subfield code="2">udc</subfield>
    <subfield code="c">&#x1CAC;&#x1C98;&#x1C92;&#x1C9C;&#x1C98;</subfield>
  </datafield>
  <datafield tag="952" ind1=" " ind2=" ">
    <subfield code="0">0</subfield>
    <subfield code="1">0</subfield>
    <subfield code="2">udc</subfield>
    <subfield code="4">0</subfield>
    <subfield code="6">3163345652025_B52</subfield>
    <subfield code="7">0</subfield>
    <subfield code="9">105550</subfield>
    <subfield code="a">CPL</subfield>
    <subfield code="b">CPL</subfield>
    <subfield code="c">GEN</subfield>
    <subfield code="d">2026-02-27</subfield>
    <subfield code="g">18.00</subfield>
    <subfield code="o">316.334.56(520-25) B-52</subfield>
    <subfield code="p">73853</subfield>
    <subfield code="r">2026-02-27</subfield>
    <subfield code="t">73853</subfield>
    <subfield code="u">&#x10D8;&#x10D0;&#x10DE;&#x10DD;&#x10DC;&#x10D8;&#x10D8;&#x10E1; &#x10D4;&#x10DA;&#x10E9;&#x10D8;&#x10E1; &#x10E1;&#x10D0;&#x10E9;&#x10E3;&#x10E5;&#x10D0;&#x10E0;&#x10D8;</subfield>
    <subfield code="w">2026-02-27</subfield>
    <subfield code="y">&#x1CAC;&#x1C98;&#x1C92;&#x1C9C;&#x1C98;</subfield>
    <subfield code="z">18 &#x10DA;.</subfield>
  </datafield>
</record>
